Picture Quiz: A-Z of Bands 1960's & 1970's - Statistics

General Stats
  • This quiz has been taken 606 times
  • The average score is 13 of 26
Answer Stats
Picture Hint Answer % Correct
J Jackson 5
89%
Q Queen
89%
F Fleetwood Mac
84%
R Rolling Stones
83%
B Bee Gees
81%
K Kinks
75%
A Animals
70%
L Led Zeppelin
69%
W Who
65%
Z ZZ Top
63%
P Pink Floyd
58%
C Cream
57%
Y Yardbirds
55%
D Deep Purple
43%
H Hollies
39%
U - Mr Puckett's band! Union Gap
36%
I Isley Brothers
34%
O O Jays
32%
M Manfred Mann
30%
G Genesis
26%
S Small Faces
25%
N New Seekers
24%
X XTC
24%
T Troggs
20%
V - Instrumentals band Ventures
17%
E Equals
14%
No matching quizzes found
Score Distribution
Percent of People with Each Score
Percentile by Number Answered
Your Score History
You have not taken this quiz